[Event "Belgrade-chT2 Quality"]
[Site "Belgrade"]
[Date "2022.11.13"]
[Round "11.3"]
[White "Hrzic, Ivan"]
[Black "Djurasinov, Branislav"]
[Result "1-0"]
[WhiteElo "2267"]
[BlackElo "2118"]
[PlyCount "119"]
[EventDate "2022.10.15"]
[EventType "team-tourn"]
[EventRounds "13"]
[EventCountry "SRB"]
[SourceTitle "EXT 2024"]
[Source "ChessBase"]
[SourceDate "2023.10.10"]
[SourceVersion "1"]
[SourceVersionDate "2023.10.10"]
[SourceQuality "1"]
[WhiteTeam "Belgrade Polet"]
[BlackTeam "Zvezdara Cirilo i Metodije"]
[WhiteTeamCountry "SRB"]
[BlackTeamCountry "SRB"]

1. e4 g6 2. d4 Bg7 3. Nf3 c6 4. h3 d6 5. Bd3 e5 6. c3 Nd7 7. 0-0 Ngf6 8. a4 0-0 9. a5 Re8 10. Re1 Qc7 11. Nbd2 Nh5 12. Nc4 Nf8 13. Bf1 Ne6 14. g3 exd4 15. cxd4 d5 16. exd5 cxd5 17. Nce5 Bd7 18. Be3 a6 19. Qb3 f6 20. Nxd7 Qxd7 21. Bg2 Rad8 22. Rad1 Bf8 23. Re2 Nc7 24. Rde1 Qb5 25. Qxb5 Nxb5 26. Kf1 Bb4 27. Bd2 Rxe2 28. Kxe2 Bd6 29. Kd3 g5 30. Nh2 Nc7 31. Ng4 Kf7 32. Ne3 Bf8 33. h4 gxh4 34. Rh1 Ng7 35. Rxh4 h5 36. Bf3 Kg6 37. Rh1 f5 38. Rc1 Rd7 39. Ng2 Nce6 40. Rc8 Kf7 41. Ne3 Nc7 42. Rb8 f4 43. gxf4 Be7 44. Rxb7 Ke6 45. Bg2 Kf7 46. Nxd5 Rxd5 47. Rxc7 Rb5 48. d5 Ne8 49. Rc6 Rxb2 50. Rxa6 h4 51. Rh6 Bf6 52. d6 Rb3+ 53. Kc2 Rb8 54. d7 Nd6 55. a6 Nb5 56. Rh5 Nd4+ 57. Kd3 Rb3+ 58. Kc4 Ra3 59. Ra5 h3 60. Bd5+ 1-0

[Event "Belgrade-chT Quality"]
[Site "Belgrade"]
[Date "2016.10.24"]
[Round "8.6"]
[White "Rajkovic, Mladen"]
[Black "Hrzic, Ivan"]
[Result "1-0"]
[WhiteElo "2275"]
[BlackElo "2255"]
[PlyCount "53"]
[EventDate "2016.10.01"]
[EventType "team-tourn"]
[EventRounds "11"]
[EventCountry "SRB"]
[SourceTitle "EXT 2018"]
[Source "ChessBase"]
[SourceDate "2017.10.13"]
[SourceVersion "1"]
[SourceVersionDate "2017.10.13"]
[SourceQuality "1"]

1. e4 e5 2. Nf3 d6 3. d4 exd4 4. Nxd4 Nf6 5. Nc3 g6 6. Bg5 Bg7 7. Qd2 h6 8. Bf4 Nc6 9. Nxc6 bxc6 10. 0-0-0 Ng4 11. h3 Ne5 12. Be3 Be6 13. f4 Nc4 14. Bxc4 Bxc4 15. Bd4 Bf6 16. Bxf6 Qxf6 17. e5 dxe5 18. Qd7+ Kf8 19. fxe5 Qg5+ 20. Kb1 Qxg2 21. e6 Bxe6 22. Qd4 Rg8 23. Ne4 Bd5 24. Qc5+ Kg7 25. Qc3+ Kf8 26. Nf6 Qf3 27. Nh7+ 1-0

[Event "Belgrade-chT Quality"]
[Site "Belgrade"]
[Date "2015.10.11"]
[Round "4"]
[White "Hrzic, Ivan"]
[Black "Klasan, Vladimir"]
[Result "1/2-1/2"]
[WhiteElo "2244"]
[BlackElo "2406"]
[PlyCount "83"]
[EventDate "2015.10.03"]
[EventType "team-tourn"]
[EventRounds "11"]
[EventCountry "SRB"]
[SourceTitle "EXT 2018"]
[Source "ChessBase"]
[SourceDate "2017.10.13"]
[SourceVersion "1"]
[SourceVersionDate "2017.10.13"]
[SourceQuality "1"]

1. d4 c5 2. d5 Nf6 3. c4 e6 4. Nc3 exd5 5. cxd5 d6 6. e4 g6 7. Bd3 Bg7 8. Nge2 0-0 9. h3 a6 10. a4 Re8 11. 0-0 Nbd7 12. Bc2 b6 13. Rb1 Bb7 14. Bf4 Qc7 15. b3 Rab8 16. Qd2 Bc8 17. Ng3 b5 18. axb5 axb5 19. Bd3 Ba6 20. b4 cxb4 21. Na2 b3 22. Nb4 Qb6 23. Nxa6 Qxa6 24. Rxb3 Nc5 25. Rb4 Rb6 26. Rfb1 Reb8 27. Ne2 Nfd7 28. Qe3 Qa5 29. Nd4 Bxd4 30. Qxd4 Na6 31. R4b2 Nac5 32. Bf1 f6 33. Bd2 Qa6 34. Bb4 Na4 35. Ra2 Kf7 36. Rc1 Rc8 37. Qd2 Rxc1 38. Qxc1 Qb7 39. Qf4 Nac5 40. Qh4 Kg7 41. f3 Ne5 42. Qe1 1/2-1/2

[Event "Belgrade-chT"]
[Site "Belgrade"]
[Date "2014.09.25"]
[Round "6.6"]
[White "Lukovic, Vladimir"]
[Black "Hrzic, Ivan"]
[Result "1-0"]
[WhiteElo "2392"]
[BlackElo "2275"]
[PlyCount "75"]
[EventDate "2014.09.20"]
[EventType "team-tourn"]
[EventRounds "11"]
[EventCountry "SRB"]
[SourceTitle "CBM 162 Extra"]
[Source "ChessBase"]
[SourceDate "2014.10.17"]
[SourceVersion "1"]
[SourceVersionDate "2014.10.17"]
[SourceQuality "1"]
[WhiteTeam "Delfin"]
[BlackTeam "GSP Polet"]
[WhiteTeamCountry "SRB"]
[BlackTeamCountry "SRB"]

1. e4 c6 2. d4 d5 3. e5 Bf5 4. Nf3 e6 5. Be2 Nd7 6. 0-0 Ne7 7. Nbd2 h6 8. Nb3 Bh7 9. Bd2 Nf5 10. a4 Be7 11. a5 a6 12. c4 0-0 13. Rc1 Rc8 14. Re1 Nh4 15. Nxh4 Bxh4 16. cxd5 cxd5 17. Bb4 Rxc1 18. Qxc1 Be7 19. Bxe7 Qxe7 20. Qc3 Nb8 21. Nc5 Rc8 22. b4 Rc7 23. Rc1 Bg6 24. h3 Kh7 25. Kh2 h5 26. b5 axb5 27. Bxb5 h4 28. f4 Bf5 29. Bd3 g6 30. Bxf5 gxf5 31. Qf3 Nd7 32. Qh5+ Kg8 33. Rg1 Nf8 34. g3 Rxc5 35. dxc5 Ng6 36. gxh4 Qxc5 37. Qh6 Qf2+ 38. Rg2 1-0

[Event "Belgrade-chT"]
[Site "Belgrade"]
[Date "2014.09.24"]
[Round "5.2"]
[White "Hrzic, Ivan"]
[Black "Cvetkovic, Srdjan"]
[Result "1/2-1/2"]
[WhiteElo "2275"]
[BlackElo "2294"]
[PlyCount "126"]
[EventDate "2014.09.20"]
[EventType "team-tourn"]
[EventRounds "11"]
[EventCountry "SRB"]
[SourceTitle "CBM 162 Extra"]
[Source "ChessBase"]
[SourceDate "2014.10.17"]
[SourceVersion "1"]
[SourceVersionDate "2014.10.17"]
[SourceQuality "1"]
[WhiteTeam "GSP Polet"]
[BlackTeam "Belgrade Radnicki"]
[WhiteTeamCountry "SRB"]
[BlackTeamCountry "SRB"]

1. e4 c5 2. b3 d6 3. Bb2 Nf6 4. Nc3 g6 5. Nf3 Bg7 6. Bb5+ Nbd7 7. d4 cxd4 8. Nxd4 0-0 9. Bxd7 Bxd7 10. Qe2 Rc8 11. 0-0-0 Qa5 12. Qd3 b5 13. a3 b4 14. axb4 Qxb4 15. f4 Rc5 16. Rd2 Rfc8 17. Na2 Qb7 18. Re1 e5 19. Nf3 exf4 20. Kb1 Bc6 21. Nc3 d5 22. exd5 Bxd5 23. Nxd5 Rxd5 24. Qe2 Rxd2 25. Nxd2 h5 26. Nc4 Qc6 27. Qf2 Ng4 28. Qxf4 Bxb2 29. Kxb2 Qxg2 30. Re7 Rf8 31. h4 a6 32. Ra7 Qc6 33. Nd6 Ne3 34. c4 Qg2+ 35. Kc3 Qc2+ 36. Kd4 Qd2+ 37. Ke4 f5+ 38. Kf3 Nf1 39. Qxd2 Nxd2+ 40. Kf4 Rf6 41. c5 Re6 42. c6 Rxd6 43. c7 Rc6 44. Ra8+ Kf7 45. c8Q Rxc8 46. Rxc8 Nxb3 47. Ke5 Kg7 48. Rc7+ Kh6 49. Kf6 Nd2 50. Rc8 Ne4+ 51. Ke5 Kg7 52. Rc6 a5 53. Ra6 a4 54. Rxa4 Kf7 55. Ra7+ Kg8 56. Ke6 Kf8 57. Ra1 Kg7 58. Rg1 Nc5+ 59. Ke7 Ne4 60. Ra1 Nc5 61. Ra8 Ne4 62. Ra7 Kg8 63. Ke6 Kf8 1/2-1/2

[Event "Belgrade-chT"]
[Site "Belgrade"]
[Date "2014.09.21"]
[Round "2.4"]
[White "Popovic, Aleksandar M"]
[Black "Hrzic, Ivan"]
[Result "1/2-1/2"]
[WhiteElo "2300"]
[BlackElo "2275"]
[PlyCount "29"]
[EventDate "2014.09.20"]
[EventType "team-tourn"]
[EventRounds "11"]
[EventCountry "SRB"]
[SourceTitle "CBM 162 Extra"]
[Source "ChessBase"]
[SourceDate "2014.10.17"]
[SourceVersion "1"]
[SourceVersionDate "2014.10.17"]
[SourceQuality "1"]
[WhiteTeam "Belgrade PTT"]
[BlackTeam "GSP Polet"]
[WhiteTeamCountry "SRB"]
[BlackTeamCountry "SRB"]

1. Nf3 Nc6 2. d4 d5 3. c4 Bg4 4. cxd5 Bxf3 5. gxf3 Qxd5 6. e3 e5 7. Nc3 Bb4 8. Bd2 Bxc3 9. bxc3 Qd6 10. Rb1 b6 11. f4 exf4 12. e4 Nge7 13. Qg4 0-0 14. Qxf4 Qe6 15. Rg1 1/2-1/2

[Event "Belgrade-chT"]
[Site "Belgrade"]
[Date "2013.10.17"]
[Round "6.3"]
[White "Cvetkovic, Srdjan"]
[Black "Hrzic, Ivan"]
[Result "1/2-1/2"]
[WhiteElo "2360"]
[BlackElo "2280"]
[PlyCount "48"]
[EventDate "2013.10.12"]
[EventType "team-tourn"]
[EventRounds "11"]
[EventCountry "SRB"]
[SourceTitle "EXT 2014"]
[Source "ChessBase"]
[SourceDate "2013.11.20"]
[SourceVersion "1"]
[SourceVersionDate "2013.11.20"]
[SourceQuality "1"]
[WhiteTeam "Belgrade Radnicki"]
[BlackTeam "GSP Polet"]
[WhiteTeamCountry "SRB"]
[BlackTeamCountry "SRB"]

1. c4 c5 2. Nf3 Nc6 3. d4 cxd4 4. Nxd4 g6 5. e4 Bg7 6. Be3 d6 7. Nc3 Nf6 8. Be2 0-0 9. 0-0 Bd7 10. Nb3 b6 11. f3 Rc8 12. Rc1 Ne5 13. Nd5 Nxd5 14. cxd5 b5 15. Qd2 Nc4 16. Bxc4 bxc4 17. Nd4 Rc7 18. Qb4 Qc8 19. Rc2 Qa6 20. Rfc1 Rfc8 21. b3 c3 22. Rxc3 Rxc3 23. Rxc3 Rxc3 24. Qxc3 Qxa2 1/2-1/2

[Event "Belgrade-chT"]
[Site "Belgrade"]
[Date "2013.10.15"]
[Round "4.2"]
[White "Radosevic, Nenad"]
[Black "Hrzic, Ivan"]
[Result "0-1"]
[WhiteElo "2192"]
[BlackElo "2280"]
[PlyCount "106"]
[EventDate "2013.10.12"]
[EventType "team-tourn"]
[EventRounds "11"]
[EventCountry "SRB"]
[SourceTitle "EXT 2014"]
[Source "ChessBase"]
[SourceDate "2013.11.20"]
[SourceVersion "1"]
[SourceVersionDate "2013.11.20"]
[SourceQuality "1"]
[WhiteTeam "Cirilo i Metodije"]
[BlackTeam "GSP Polet"]
[WhiteTeamCountry "SRB"]
[BlackTeamCountry "SRB"]

1. d4 Nf6 2. Nf3 c5 3. d5 e6 4. c4 exd5 5. cxd5 d6 6. Nc3 g6 7. e4 Bg7 8. Be2 Bg4 9. 0-0 0-0 10. h3 Bxf3 11. Bxf3 Nbd7 12. Re1 Ne8 13. a4 Nc7 14. Bf4 Ne5 15. Be2 g5 16. Be3 Ng6 17. Bg4 Be5 18. Bf5 a6 19. Qh5 Bf4 20. h4 Bxe3 21. Rxe3 gxh4 22. e5 Ne8 23. Bc2 dxe5 24. Rxe5 Nf6 25. Qf5 Nxe5 26. Qxe5 Re8 27. Qg5+ Kh8 28. Qxh4 Qd6 29. Ne4 Nxe4 30. Bxe4 h6 31. Ra3 f5 32. Bd3 Re1+ 33. Bf1 Kh7 34. Rf3 Qxd5 35. Re3 Rxe3 36. fxe3 Qe5 37. Qh3 Re8 38. Kf2 Qxb2+ 39. Be2 Qf6 40. Bd3 Re5 41. g4 Kh8 42. Bxf5 c4 43. Qf3 Re7 44. Qd5 c3 45. Qc5 Qe5 46. Qb6 Qh2+ 47. Kf3 Qh1+ 48. Kf2 Qc6 49. Qd8+ Re8 50. Qd4+ Kg8 51. Bc2 Rf8+ 52. Ke2 Qg2+ 53. Kd3 Qd2+ 0-1